000 00244 a2200097 4500
001 33950
100 _aMeriam, J.L.
245 _aEngineering mechanics ; dynamics instructor's manual
260 _aNY
_bJohn willey
_c1997
090 _c22515
_d22515
942 _aNUST-CAE
_cM
_c13909
999 _c269023
_d269023